000
00343nam a2200157Ia 4500
003
OSt
005
20240412123956.0
008
170524s9999 xx 000 0 und d
020
_a
978-9352601882
040
_c
iimtu
100
_a
Khan BH
245
0
_a
Non-Conventional Energy Resources
260
_b
TMH
260
_c
2008
942
_2
ddc
_c
02
999
_c
5603
_d
5603